000 00731nam a2200205 i 4500
001 38038
003 ES-MaACL
005 20230906155702.0
007 t|
008 030224s1970 sp |||| |aspa d
100 1 _aCabanyes y Ballester, José Antonio.
_933153
245 1 0 _aNotas y observaciones hechas en mi viaje y permanencia en Mallorca /
_cJosep Antoni de Cabanyes i Ballester ; introduccio, notes i comentaris de Joan Rius i Vila.
250 _a1ª ed.
260 _aBarcelona :
_bPortic :
_bDiamante,
_c1970.
300 _a144 p. ;
_c18 cm.
600 1 4 _aCabanyes y Ballester, José Antonio.
_933153
651 4 _aMallorca-
_xDescripción.
_9141087
700 1 _aRius i Vila, Joan.
_997517
852 _aES-MaACL
_jC-45984
999 _c38038
_d38038